History Quiz

Random History or Artist Quiz

Name the artist who painted this painting Quiz Stats

 Plays Quiz not verified by Sporcle

Challenge
Share
Tweet
Score 0/21 Timer 07:00
0 Plays Today
% Correct
Leonardo da Vinci
96.9%
Michelangelo
89.2%
Vincent van Gogh
84.6%
Pablo Picasso
83.1%
Jackson Pollock
76.9%
Georges Seurat
73.8%
Raphael
66.2%
Francisco Goya
64.6%
Diego Velázquez
58.5%
Johannes Vermeer
56.9%
Claude Monet
56.9%
% Correct
Edvard Munch
53.8%
Henri Matisse
52.3%
Norman Rockwell
44.6%
Titian
41.5%
Giotto
32.3%
Paul Klee
29.2%
Donatello
12.3%
Salvador Dalí
7.7%
A.Y. Jackson
4.6%
Lauren Harris
3.1%

You're not logged in!

Compare scores with friends on all Sporcle quizzes.
OR
Log In

You Might Also Like...

Show Comments

Extras

Created Jun 25, 2017SourceReportNominate
Tags:Artist Quiz, painting

Top Quizzes Today


Score Distribution

Your Account Isn't Verified!

In order to create a playlist on Sporcle, you need to verify the email address you used during registration. Go to your Sporcle Settings to finish the process.

Report this User

Report this user for behavior that violates our Community Guidelines.

Details: